[Event "Scarborough op"]
[Site "Scarborough"]
[Date "2023.10.29"]
[Round "5"]
[White "Harkness, Bryan"]
[Black "Dilleigh, Stephen P"]
[Result "1/2-1/2"]
[WhiteElo "2010"]
[BlackElo "2031"]
[PlyCount "42"]
[EventDate "2023.10.27"]
[EventType "swiss"]
[EventRounds "5"]
[EventCountry "ENG"]
[SourceTitle "Mega2024 Update 01"]
[Source "Chessbase"]
[SourceDate "2023.11.12"]
[SourceVersion "1"]
[SourceVersionDate "2023.11.12"]
[SourceQuality "1"]

1. e4 e6 2. d4 d5 3. e5 c5 4. c3 Qb6 5. Nf3 Nc6 6. a3 c4 7. Nbd2 Na5 8. h4 Bd7 9. g3 Ne7 10. Bh3 h6 11. 0-0 0-0-0 12. Rb1 Qc7 13. Re1 Kb8 14. Nf1 Nc8 15. h5 Nb6 16. Ne3 Nb3 17. Nh4 Be7 18. Neg2 Nxc1 19. Qxc1 Rdg8 20. Bg4 Qd8 21. Qd1 Qe8 1/2-1/2

[Event "Scarborough op"]
[Site "Scarborough"]
[Date "2023.10.28"]
[Round "3"]
[White "Hutchinson, Paul A"]
[Black "Dilleigh, Stephen P"]
[Result "1-0"]
[WhiteElo "2011"]
[BlackElo "2031"]
[PlyCount "115"]
[EventDate "2023.10.27"]
[EventType "swiss"]
[EventRounds "5"]
[EventCountry "ENG"]
[SourceTitle "Mega2024 Update 01"]
[Source "Chessbase"]
[SourceDate "2023.11.12"]
[SourceVersion "1"]
[SourceVersionDate "2023.11.12"]
[SourceQuality "1"]

1. d4 d5 2. Bf4 Nf6 3. e3 c5 4. Nf3 Nc6 5. Nbd2 cxd4 6. exd4 Bf5 7. c3 e6 8. Qb3 Qc8 9. Nh4 Be4 10. f3 Bg6 11. g4 Qd7 12. Be2 0-0-0 13. Bg3 Bd6 14. f4 Ne4 15. Ndf3 Nxg3 16. hxg3 Be4 17. Rf1 f6 18. 0-0-0 Na5 19. Qb5 Qc7 20. Bd3 a6 21. Qa4 Bxd3 22. Rxd3 Qc4 23. Qxc4+ Nxc4 24. b3 Nb6 25. Re3 Kd7 26. Rfe1 Rhe8 27. R1e2 Na8 28. Ng2 Nc7 29. Kb2 Rc8 30. Nge1 h6 31. a4 g5 32. Nd3 Rg8 33. Nh2 Rh8 34. b4 b6 35. Rf2 Rcf8 36. Ref3 Ne8 37. Nf1 Rfg8 38. Ne3 Kc6 39. c4 dxc4 40. Nxc4 gxf4 41. Nxf4 Rxg4 42. Ne3 Rgg8 43. d5+ exd5 44. Nexd5 Be5+ 45. Kb3 Nc7 46. Ne7+ Kd7 47. Nxg8 Rxg8 48. Rd3+ Kc8 49. Rc2 Kb8 50. Rh2 Kb7 51. Rf2 Rg5 52. Rff3 Kc6 53. Rd8 Rg7 54. Rh8 Rd7 55. Rxh6 Rd2 56. Nd3 Bd4 57. Kc4 Ne6 58. b5+ 1-0

[Event "Scarborough op"]
[Site "Scarborough"]
[Date "2022.10.30"]
[Round "5"]
[White "Wall, Tim"]
[Black "Dilleigh, Stephen P"]
[Result "1/2-1/2"]
[WhiteElo "2290"]
[BlackElo "2041"]
[PlyCount "102"]
[EventDate "2022.10.28"]
[EventType "swiss"]
[EventRounds "5"]
[EventCountry "ENG"]
[SourceTitle "EXT 2024"]
[Source "ChessBase"]
[SourceDate "2023.10.10"]
[SourceVersion "1"]
[SourceVersionDate "2023.10.10"]
[SourceQuality "1"]

1. d4 d5 2. Nc3 Nf6 3. Bf4 c5 4. e4 Nxe4 5. Nxe4 dxe4 6. dxc5 Qa5+ 7. c3 Qxc5 8. Qa4+ Nc6 9. Qxe4 Bf5 10. Qa4 e5 11. Be3 Qa5 12. Qxa5 Nxa5 13. 0-0-0 Be6 14. Bb5+ Nc6 15. Nf3 f6 16. Kb1 Be7 17. Rd2 Kf7 18. Rhd1 Rhc8 19. b3 a6 20. Bd3 g6 21. Be4 Rd8 22. Bb6 Rxd2 23. Rxd2 Rc8 24. Kb2 Ke8 25. Be3 Rd8 26. Bxc6+ bxc6 27. Bb6 Rxd2+ 28. Nxd2 f5 29. Bc7 Bf6 30. Nf3 Bd5 31. Bxe5 Bxf3 32. Bxf6 Bxg2 33. Ka3 Kd7 34. Kb4 Kc7 35. Kc5 f4 36. Be5+ Kb7 37. Bxf4 Be4 38. Bh6 Bb1 39. a3 Bc2 40. b4 Kc7 41. Bf4+ Kd7 42. c4 Bd3 43. a4 h5 44. b5 cxb5 45. axb5 axb5 46. cxb5 Kc8 47. Kc6 Be4+ 48. Kd6 Kb7 49. Be3 Bd3 50. b6 Bc2 51. Ke5 Bd3 1/2-1/2

[Event "Guernsey op 46th"]
[Site "St James"]
[Date "2022.10.21"]
[Round "6"]
[White "Dilleigh, Stephen P"]
[Black "Moyroud, Pierre"]
[Result "1-0"]
[WhiteElo "2041"]
[BlackElo "1705"]
[PlyCount "65"]
[EventDate "2022.10.16"]
[EventType "swiss"]
[EventRounds "7"]
[EventCountry "GCI"]
[SourceTitle "EXT 2024"]
[Source "ChessBase"]
[SourceDate "2023.10.10"]
[SourceVersion "1"]
[SourceVersionDate "2023.10.10"]
[SourceQuality "1"]

1. Nf3 Nf6 2. c4 c6 3. Nc3 d5 4. d4 e6 5. e3 Be7 6. Qc2 0-0 7. b3 b6 8. Bd3 Bb7 9. 0-0 dxc4 10. bxc4 c5 11. d5 exd5 12. cxd5 Nbd7 13. e4 Bd6 14. h3 Qb8 15. Bb2 Ne5 16. Nxe5 Bxe5 17. Ne2 Re8 18. Bxe5 Qxe5 19. f4 Qe7 20. Ng3 Rac8 21. d6 Qxd6 22. e5 Qd4+ 23. Kh2 Nd5 24. Nf5 Qb4 25. a3 Qa5 26. Qf2 Rc7 27. Qg3 g6 28. Nd6 Re6 29. f5 Rxd6 30. exd6 Rd7 31. fxg6 fxg6 32. Qf2 Rd8 33. Qf7+ 1-0

[Event "Paignton op"]
[Site "Paignton"]
[Date "2019.09.04"]
[Round "6"]
[White "Dilleigh, Stephen P"]
[Black "Brown, Alan M"]
[Result "1/2-1/2"]
[WhiteElo "2000"]
[BlackElo "1991"]
[PlyCount "87"]
[EventDate "2019.08.31"]
[EventType "swiss"]
[EventRounds "9"]
[EventCountry "ENG"]
[SourceTitle "EXT 2020"]
[Source "ChessBase"]
[SourceDate "2019.10.17"]
[SourceVersion "1"]
[SourceVersionDate "2019.10.17"]
[SourceQuality "1"]

1. Nf3 Nf6 2. c4 g6 3. Nc3 Bg7 4. d4 d5 5. Bg5 Ne4 6. Bh4 Nxc3 7. bxc3 0-0 8. cxd5 Qxd5 9. Bxe7 Re8 10. Bh4 c5 11. e3 cxd4 12. cxd4 Nc6 13. Be2 Bf5 14. 0-0 Rac8 15. Qa4 Bd7 16. Qb3 Qxb3 17. axb3 a6 18. Bc4 h6 19. Rfd1 Kf8 20. h3 Bf5 21. Bg3 Red8 22. Kf1 Nb4 23. Ne5 Bxe5 24. Bxe5 b5 25. Be2 Ke7 26. Bg4 Bxg4 27. hxg4 f6 28. Bg3 Rc3 29. Rab1 Rdc8 30. d5 Nd3 31. e4 Ne5 32. Bxe5 fxe5 33. Ra1 Rxb3 34. Rxa6 Rb2 35. d6+ Kf7 36. d7 Rd8 37. Rad6 b4 38. R1d5 b3 39. Rxe5 Rc2 40. Rb5 b2 41. Rd1 Ke7 42. Rb7 Ke6 43. Rb6+ Ke5 44. Rb5+ 1/2-1/2

[Event "ENG-ch Seniors 50"]
[Site "Solihull"]
[Date "2019.04.06"]
[Round "5"]
[White "Hubbard, Michael"]
[Black "Dilleigh, Stephen P"]
[Result "0-1"]
[WhiteElo "1952"]
[BlackElo "1989"]
[PlyCount "134"]
[EventDate "2019.04.04"]
[EventType "swiss"]
[EventRounds "6"]
[EventCountry "ENG"]
[SourceTitle "CBM 190 Extra"]
[Source "ChessBase"]
[SourceDate "2019.07.15"]
[SourceVersion "1"]
[SourceVersionDate "2019.07.15"]
[SourceQuality "1"]

1. e4 e6 2. d4 d5 3. exd5 exd5 4. Nf3 Nf6 5. Bd3 Bd6 6. 0-0 0-0 7. Bg5 Bg4 8. Nbd2 Nbd7 9. c4 dxc4 10. Nxc4 Nb6 11. Ne3 Be6 12. Qc2 h6 13. Bh4 Nbd5 14. a3 Be7 15. Nf5 Bxf5 16. Bxf5 Ne8 17. Bg3 Bd6 18. Ne5 c6 19. Nd7 Bxg3 20. hxg3 Nd6 21. Nxf8 Qf6 22. Nd7 Qxf5 23. Qxf5 Nxf5 24. Rad1 Rd8 25. Ne5 Nc7 26. Nf3 Ne6 27. Rd2 Nfxd4 28. Nxd4 Nxd4 29. Rfd1 c5 30. f3 a5 31. a4 Rd6 32. Kf2 f6 33. Rc1 b6 34. Re1 Kf7 35. Rd3 Rd7 36. Re4 f5 37. Re5 g6 38. Ke1 Kf6 39. f4 g5 40. Re8 Kf7 41. Re5 Kf6 42. Kf2 g4 43. Rde3 Kf7 44. Re1 Nc2 45. Rh1 Nb4 46. Rxf5+ Kg6 47. Rfh5 Rd2+ 48. Ke1 Rxb2 49. Rxh6+ Kg7 50. Rh7+ Kg8 51. Rh8+ Kg7 52. R1h7+ Kg6 53. Rh4 Nd3+ 54. Kd1 Nf2+ 55. Kc1 Nd3+ 56. Kd1 Nf2+ 57. Ke1 Nd3+ 58. Kf1 c4 59. Rc8 Rc2 60. Rxg4+ Kf5 61. Rg5+ Ke4 62. Re8+ Kd4 63. Rb5 Rc1+ 64. Ke2 Re1+ 65. Kd2 Rxe8 66. Rxb6 c3+ 67. Kc2 Re2+ 0-1

[Event "Guernsey op 44th"]
[Site "Vale"]
[Date "2018.10.25"]
[Round "5"]
[White "Wager, John D"]
[Black "Dilleigh, Stephen P"]
[Result "1/2-1/2"]
[WhiteElo "2029"]
[BlackElo "1986"]
[PlyCount "40"]
[EventDate "2018.10.21"]
[EventType "swiss"]
[EventRounds "7"]
[EventCountry "GCI"]
[SourceTitle "CBM 187 Extra"]
[Source "ChessBase"]
[SourceDate "2018.11.04"]
[SourceVersion "1"]
[SourceVersionDate "2018.11.04"]
[SourceQuality "1"]

1. Nf3 d5 2. b3 Nf6 3. Bb2 e6 4. d4 c5 5. e3 Nc6 6. Nbd2 Bd6 7. Bd3 0-0 8. 0-0 b6 9. Ne5 Bb7 10. f4 Rc8 11. a3 Ne7 12. c3 Nf5 13. Qf3 Be7 14. Qh3 Nd6 15. g4 Nfe4 16. Rad1 f6 17. Nef3 c4 18. Bb1 f5 19. Nxe4 Nxe4 20. b4 Bc6 1/2-1/2

[Event "Guernsey op 44th"]
[Site "Vale"]
[Date "2018.10.21"]
[Round "1"]
[White "Korneev, Oleg"]
[Black "Dilleigh, Stephen P"]
[Result "1-0"]
[WhiteElo "2560"]
[BlackElo "1986"]
[PlyCount "77"]
[EventDate "2018.10.21"]
[EventType "swiss"]
[EventRounds "7"]
[EventCountry "GCI"]
[SourceTitle "CBM 187 Extra"]
[Source "ChessBase"]
[SourceDate "2018.11.04"]
[SourceVersion "1"]
[SourceVersionDate "2018.11.04"]
[SourceQuality "1"]

1. e4 e6 2. d4 d5 3. Nd2 c5 4. Ngf3 cxd4 5. Nxd4 Nf6 6. exd5 Qxd5 7. Nb5 Na6 8. Nc3 Qd8 9. a3 Nc7 10. Bd3 Ncd5 11. Nxd5 Qxd5 12. 0-0 Bd7 13. Qf3 Qxf3 14. Nxf3 Bd6 15. Re1 0-0-0 16. Be3 Kb8 17. Bd4 Bc6 18. Ne5 Bxe5 19. Bxe5+ Kc8 20. b4 Rd5 21. a4 b6 22. Ra3 Rhd8 23. Rc3 Kd7 24. b5 Ba8 25. Rc7+ Ke8 26. Rxa7 Nd7 27. Bc7 Rc8 28. f3 Rc5 29. Bg3 h6 30. c4 e5 31. Bf5 R5c7 32. Rxc7 Rxc7 33. Bxe5 Nxe5 34. Rxe5+ Re7 35. Rxe7+ Kxe7 36. c5 bxc5 37. Be4 Bxe4 38. fxe4 Kd6 39. Kf2 1-0

[Event "Torquay Paignton op"]
[Site "Torquay"]
[Date "2018.09.08"]
[Round "7"]
[White "Gardiner, Eric D"]
[Black "Dilleigh, Stephen P"]
[Result "1/2-1/2"]
[WhiteElo "1925"]
[BlackElo "1984"]
[PlyCount "34"]
[EventDate "2018.09.02"]
[EventType "swiss"]
[EventRounds "7"]
[EventCountry "ENG"]
[SourceTitle "CBM 186 Extra"]
[Source "ChessBase"]
[SourceDate "2018.08.24"]
[SourceVersion "1"]
[SourceVersionDate "2018.08.24"]
[SourceQuality "1"]

1. d4 d5 2. c4 e6 3. Nc3 Nf6 4. cxd5 exd5 5. Bg5 c6 6. Qc2 Be7 7. e3 Nbd7 8. Bd3 Nh5 9. Bxe7 Qxe7 10. 0-0-0 g6 11. h3 Nb6 12. g4 Ng7 13. Nf3 Be6 14. Kb1 0-0-0 15. Na4 Nxa4 16. Qxa4 Kb8 17. Rc1 h5 1/2-1/2

[Event "Torquay Paignton op"]
[Site "Torquay"]
[Date "2018.09.06"]
[Round "5"]
[White "Stewart, Ashley"]
[Black "Dilleigh, Stephen P"]
[Result "1-0"]
[WhiteElo "2162"]
[BlackElo "1984"]
[PlyCount "141"]
[EventDate "2018.09.02"]
[EventType "swiss"]
[EventRounds "7"]
[EventCountry "ENG"]
[SourceTitle "CBM 186 Extra"]
[Source "ChessBase"]
[SourceDate "2018.08.24"]
[SourceVersion "1"]
[SourceVersionDate "2018.08.24"]
[SourceQuality "1"]

1. c4 e6 2. g3 d5 3. Bg2 Nf6 4. Nf3 dxc4 5. Qa4+ Bd7 6. Qxc4 c5 7. Ne5 Qc8 8. Qd3 Nc6 9. Nxd7 Qxd7 10. Qxd7+ Kxd7 11. b3 Be7 12. Bb2 Rhc8 13. Nc3 Rab8 14. e3 b5 15. Ke2 c4 16. f4 Nb4 17. Ne4 Nbd5 18. Rhc1 Nxe4 19. Bxe4 Bf6 20. Bxf6 Nxf6 21. Bf3 Nd5 22. Rab1 cxb3 23. axb3 Nb4 24. g4 Na2 25. Rxc8 Rxc8 26. Kd1 Nb4 27. g5 f5 28. gxf6 gxf6 29. Ra1 a6 30. Ke2 Rg8 31. Bb7 Kc7 32. Be4 f5 33. Bf3 Kb6 34. e4 Nc2 35. Rb1 Nd4+ 36. Ke3 Nxf3 37. Kxf3 fxe4+ 38. Kxe4 Rg2 39. Ke5 Rxd2 40. Kxe6 Rxh2 41. f5 Rf2 42. f6 a5 43. Re1 Kc5 44. Re4 a4 45. b4+ Kc6 46. Re3 a3 47. Rc3+ Kb6 48. Rxa3 Re2+ 49. Kd6 Rf2 50. Ke7 Re2+ 51. Kd6 Rf2 52. Ke5 Kc6 53. Ra6+ Kd7 54. Ra7+ Ke8 55. Rxh7 Re2+ 56. Kd6 Rf2 57. Re7+ Kf8 58. Re5 Kf7 59. Kc6 Kxf6 60. Rxb5 Ke6 61. Rd5 Rf8 62. Rd1 Rc8+ 63. Kb7 Rc4 64. b5 Rb4 65. b6 Rb2 66. Kc7 Rc2+ 67. Kb8 Rb2 68. b7 Ke7 69. Rd4 Ke6 70. Kc7 Ke5 71. Rd8 1-0

[Event "Torquay Paignton op"]
[Site "Torquay"]
[Date "2018.09.02"]
[Round "1"]
[White "Dilleigh, Stephen P"]
[Black "Ledger, Dave J"]
[Result "0-1"]
[WhiteElo "1984"]
[BlackElo "2177"]
[PlyCount "134"]
[EventDate "2018.09.02"]
[EventType "swiss"]
[EventRounds "7"]
[EventCountry "ENG"]
[SourceTitle "CBM 186 Extra"]
[Source "ChessBase"]
[SourceDate "2018.08.24"]
[SourceVersion "1"]
[SourceVersionDate "2018.08.24"]
[SourceQuality "1"]

1. Nf3 c5 2. c4 Nc6 3. Nc3 e5 4. g3 g6 5. Bg2 Bg7 6. 0-0 Nge7 7. a3 0-0 8. Rb1 a5 9. Ne1 d6 10. Nc2 f5 11. Ne3 f4 12. Ned5 Nd4 13. b4 axb4 14. axb4 Bg4 15. f3 Bf5 16. Rb2 Nxd5 17. Nxd5 Ra1 18. Nc3 Be6 19. d3 cxb4 20. Rb1 Rxb1 21. Nxb1 Qb6 22. Kh1 g5 23. e4 Ra8 24. Bb2 Ra2 25. Rf2 Nc6 26. Re2 Qa7 27. gxf4 gxf4 28. Qf1 Qa4 29. Rd2 Bf6 30. Bh3 Bf7 31. Qg2+ Kf8 32. Bxe5 Rxd2 33. Bxd6+ Ke8 34. Qxd2 Qa1 35. Qd1 Be5 36. Bc5 Nd4 37. Bxd4 Bxd4 38. Bf1 Bh5 39. Be2 Qa2 40. Nd2 Be3 41. Nb3 Ke7 42. d4 Be8 43. c5 Ba4 44. Bc4 Qf2 45. e5 Bd7 46. Qf1 Qxf1+ 47. Bxf1 Be6 48. Na5 Bxd4 49. c6 b6 50. Nc4 b3 51. c7 b2 52. Nxb2 Bxe5 53. Ba6 Bxc7 54. Kg2 Kd6 55. Kf2 Kc5 56. Bd3 h6 57. Ke2 Kd4 58. Kd2 Bd5 59. Be2 Bd6 60. Nd3 Bc6 61. Bd1 Bb5 62. Nf2 Bb4+ 63. Kc1 h5 64. Ne4 Ke3 65. Nf6 Bc6 66. Nxh5 Bc3 67. Bb3 Be8 0-1

[Event "Basingstoke 4NCL Spring Bank op-A 1st"]
[Site "Basingstoke"]
[Date "2018.05.26"]
[Round "3"]
[White "Dilleigh, Stephen P"]
[Black "Ortiz Sanchez, Luis"]
[Result "1/2-1/2"]
[WhiteElo "2056"]
[BlackElo "1953"]
[PlyCount "120"]
[EventDate "2018.05.25"]
[EventType "swiss"]
[EventRounds "7"]
[EventCountry "ENG"]
[SourceTitle "CBM 184 Extra"]
[Source "ChessBase"]
[SourceDate "2018.06.28"]
[SourceVersion "1"]
[SourceVersionDate "2018.06.28"]
[SourceQuality "1"]

1. Nf3 c5 2. c4 Nc6 3. Nc3 Nf6 4. g3 d5 5. d4 cxd4 6. Nxd4 e6 7. Bg2 Bc5 8. Nxc6 bxc6 9. 0-0 0-0 10. Qc2 Bd6 11. Rd1 Qe7 12. cxd5 cxd5 13. e4 Bb7 14. exd5 Nxd5 15. Nxd5 Bxd5 16. Bxd5 exd5 17. Be3 Rfc8 18. Qf5 Be5 19. Rxd5 Bxb2 20. Rad1 g6 21. Qd3 Bf6 22. Rd7 Qe8 23. Bxa7 Rd8 24. Rxd8 Rxd8 25. Qb3 Rxd1+ 26. Qxd1 Qe7 27. Be3 Bg5 28. Bxg5 Qxg5 29. Qf3 Qa5 30. a3 h5 31. h4 Qa4 32. Kh2 Qa7 33. Qe3 Qa4 34. Qc5 Kg7 35. Qb4 Qa7 36. Kg1 Qd7 37. a4 Qd1+ 38. Kh2 Qa1 39. a5 Qa2 40. Qb6 g5 41. hxg5 h4 42. gxh4 Qd2 43. Qf6+ Kg8 44. g6 fxg6 45. Qxg6+ Kh8 46. Qf6+ Kh7 47. a6 Qc2 48. Qf7+ Kh8 49. a7 Qc8 50. Qh5+ Kg7 51. Qe5+ Kh6 52. Qf4+ Kg7 53. Qd4+ Kh6 54. Qd6+ Kg7 55. h5 Kh7 56. Qg6+ Kh8 57. Qf6+ Kh7 58. Qf7+ Kh8 59. h6 Qh3+ 60. Kg1 Qf1+ 1/2-1/2

[Event "Torquay op 51st"]
[Site "Torquay"]
[Date "2017.11.12"]
[Round "4"]
[White "Berry, Stephen"]
[Black "Dilleigh, Stephen P"]
[Result "1-0"]
[WhiteElo "2273"]
[BlackElo "2070"]
[PlyCount "105"]
[EventDate "2017.11.10"]
[EventType "swiss"]
[EventRounds "5"]
[EventCountry "ENG"]
[SourceTitle "EXT 2022"]
[Source "ChessBase"]
[SourceDate "2021.10.06"]
[SourceVersion "1"]
[SourceVersionDate "2021.10.06"]
[SourceQuality "1"]

1. c4 e6 2. Nf3 d5 3. g3 Nf6 4. Bg2 Be7 5. 0-0 0-0 6. d4 c6 7. Qc2 b6 8. Rd1 Nbd7 9. b3 a5 10. Nc3 Ba6 11. e4 b5 12. e5 Ne8 13. c5 Nc7 14. Bf4 b4 15. Na4 Bb5 16. Qd2 Rb8 17. Rab1 Rb7 18. h4 Re8 19. Bg5 f6 20. exf6 gxf6 21. Bf4 Bxa4 22. bxa4 e5 23. dxe5 Ne6 24. Bh3 Nexc5 25. e6 Nb6 26. Nd4 Ne4 27. Qe2 Nc3 28. Qh5 Bc5 29. Nxc6 Qc8 30. Nxa5 Ra7 31. e7 Qa8 32. Nb3 Bxe7 33. Re1 Rf8 34. Bh6 Rf7 35. Be6 Bf8 36. a5 Nc4 37. Rbc1 Ne5 38. Bxf8 Kxf8 39. Bxf7 Rxf7 40. Rxe5 fxe5 41. Qxe5 Kg8 42. Rc2 Qd8 43. Rd2 Qd7 44. Nd4 h6 45. Kg2 Kh7 46. a6 Ne4 47. Rc2 Re7 48. Qf5+ Qxf5 49. Nxf5 Rf7 50. Nd4 Ra7 51. Rc6 Nc3 52. Rb6 Kg8 53. Rb8+ 1-0

[Event "Guernsey op 43rd"]
[Site "Vale"]
[Date "2017.10.20"]
[Round "6"]
[White "Sedgwick, David"]
[Black "Dilleigh, Stephen P"]
[Result "1-0"]
[WhiteElo "1972"]
[BlackElo "2063"]
[PlyCount "41"]
[EventDate "2017.10.15"]
[EventType "swiss"]
[EventRounds "7"]
[EventCountry "GCI"]
[SourceTitle "CBM 181 Extra"]
[Source "ChessBase"]
[SourceDate "2017.12.12"]
[SourceVersion "1"]
[SourceVersionDate "2017.12.12"]
[SourceQuality "1"]

1. e4 e6 2. d4 d5 3. exd5 exd5 4. c4 Nf6 5. Nc3 Bb4 6. Bd3 0-0 7. Nge2 dxc4 8. Bxc4 Nbd7 9. 0-0 Nb6 10. Bb3 Be7 11. Ng3 c6 12. Bg5 h6 13. Be3 Nbd5 14. Nxd5 Nxd5 15. Qf3 Be6 16. Nf5 Bg5 17. Bxd5 Bxd5 18. Qg3 Qf6 19. f4 Qxf5 20. fxg5 Qg6 21. gxh6 1-0

[Event "BCF-ch Seniors 50"]
[Site "Llandudno"]
[Date "2017.08.05"]
[Round "7"]
[White "Lewis, Andrew P"]
[Black "Dilleigh, Stephen P"]
[Result "1-0"]
[WhiteElo "2252"]
[BlackElo "2075"]
[PlyCount "57"]
[EventDate "2017.07.30"]
[EventType "swiss"]
[EventRounds "7"]
[EventCountry "WLS"]
[SourceTitle "CBM 179 Extra"]
[Source "ChessBase"]
[SourceDate "2017.08.23"]
[SourceVersion "1"]
[SourceVersionDate "2017.08.23"]
[SourceQuality "1"]

1. Nf3 d5 2. c4 e6 3. g3 g6 4. Bg2 Bg7 5. 0-0 Ne7 6. d4 Nbc6 7. Nc3 0-0 8. cxd5 exd5 9. Bf4 Be6 10. Qd2 Nf5 11. Nb5 Rc8 12. g4 Nfe7 13. h3 a6 14. Nc3 h5 15. g5 Nf5 16. e3 Nd6 17. Kh2 Ne7 18. Qe2 c6 19. Ne5 f6 20. gxf6 Bxf6 21. Rg1 Bg7 22. Bf3 Bf5 23. Bxh5 gxh5 24. Qxh5 Qe8 25. Rxg7+ Kxg7 26. Qh6+ Kg8 27. Rg1+ Ng6 28. Nxg6 Kf7 29. Ne5+ 1-0

[Event "BCF-ch Seniors 50"]
[Site "Llandudno"]
[Date "2017.08.03"]
[Round "5"]
[White "Shakespeare, John"]
[Black "Dilleigh, Stephen P"]
[Result "0-1"]
[WhiteElo "1930"]
[BlackElo "2075"]
[PlyCount "84"]
[EventDate "2017.07.30"]
[EventType "swiss"]
[EventRounds "7"]
[EventCountry "WLS"]
[SourceTitle "CBM 179 Extra"]
[Source "ChessBase"]
[SourceDate "2017.08.23"]
[SourceVersion "1"]
[SourceVersionDate "2017.08.23"]
[SourceQuality "1"]

1. c4 e6 2. Nc3 d5 3. d4 Nf6 4. Nf3 c5 5. e3 dxc4 6. Bxc4 a6 7. 0-0 b5 8. Bd3 Bb7 9. a4 b4 10. Nb1 Nc6 11. dxc5 Bxc5 12. Qe2 0-0 13. Rd1 Qc7 14. Nbd2 e5 15. Ne4 Be7 16. Bd2 Na5 17. Rac1 Qb6 18. Nxf6+ Bxf6 19. Bc2 e4 20. Nd4 Nc6 21. Nf5 Ne5 22. Be1 Rfd8 23. b3 a5 24. Nd4 Rac8 25. Nb5 Nd3 26. Rb1 Qc6 27. Rd2 Nxe1 28. Rxd8+ Bxd8 29. Nd4 Qc3 30. Qxe1 Bf6 31. Qxc3 Rxc3 32. Rd1 Kf8 33. Rd2 Bxd4 34. exd4 Bd5 35. g3 f5 36. Kf1 Ke7 37. Ke2 Kd6 38. Kd1 Bxb3 39. Bxb3 Rxb3 40. Kc2 Rc3+ 41. Kb2 Kd5 42. h4 g6 0-1

[Event "BCF-chT2 1617 (4NCL) Demotion pool"]
[Site "England"]
[Date "2017.04.30"]
[Round "10.74"]
[White "Dilleigh, Stephen P"]
[Black "Bak, Andrew"]
[Result "1-0"]
[WhiteElo "2041"]
[BlackElo "2021"]
[PlyCount "41"]
[EventDate "2016.11.19"]
[EventType "team-tourn"]
[EventRounds "11"]
[EventCountry "ENG"]
[SourceTitle "EXT 2019"]
[Source "ChessBase"]
[SourceDate "2018.10.10"]
[SourceVersion "1"]
[SourceVersionDate "2018.10.10"]
[SourceQuality "1"]
[WhiteTeam "Downend & Fishponds"]
[BlackTeam "Bradford DCA Knights"]
[WhiteTeamCountry "ENG"]
[BlackTeamCountry "ENG"]

1. Nf3 d5 2. d4 Nf6 3. c4 c6 4. Nc3 e6 5. e3 Nbd7 6. Qc2 Bd6 7. Bd3 0-0 8. 0-0 b6 9. e4 dxe4 10. Nxe4 Be7 11. Bf4 h6 12. Rad1 Nxe4 13. Bxe4 Bb7 14. Qe2 Qc8 15. Bc2 Rd8 16. a3 a5 17. Rfe1 Bf6 18. Ne5 c5 19. Nxf7 Kxf7 20. Qxe6+ Kf8 21. Bd6+ 1-0